000 00561nam a22002057a 4500
001 28953
003 BD-RjUL
005 20211209051343.0
008 140401b19.. bg |||| |||| 000 0 eng d
035 _a(BD-RjUL) 29037
040 _aBD-RjUL
_beng
_cBD-RjUL
041 _aeng
082 0 4 _a791.430143
_bMMF 19..
245 _a16 MM. Films of the Embassy of the Federal Republic of Germany /
260 _adhaka :
_bGreen Road, Dhanmondi
_c19...
300 _a83 p. ;
_c19cm.
650 _aMotion Picture
_988521
651 _aGermany
_988522
942 _2ddc
_cBK
999 _c28953
_d28953